000 00956nam a2200289 i 4500
003 DO-SdBPM
005 20260217083334.0
007 ta
008 240712b2001 pr 001 0 spa d
020 _a0847701190
040 _aDO-SdBPM
_bspa
_cBPMSU
_erda
082 4 _aPR861.5
_bF475d 2001
_222
100 1 _aFigueroa Cardona, Iris
_d1974-
_eautora
_4aut.
245 1 0 _aDesnudos al sur /
_cIris Figueroa Cardona.
264 _aSan Juan, P.R. :
_bUniversidad de Puerto Rico,
_c2001.
300 _a60 páginas :
_c22 cm.
336 _2rdacontent
_atexto
_btxt
337 _2rdamedia
_asin mediación
_bnc
338 _2rdacarrier
_avolumen
_bnc
490 0 _aLuna nueva;
_aCuadernos La torre,
_v3
500 _aIncluye datos biografícos de la autora en la contraportada
590 _aInventariado, 2026/ VM
650 7 _aPoesía puertorriqueña
650 7 _aLiteratura puertorriqueña
910 _a VMateo V. Control de calidad BPMSU
942 _2ddc
_cBK
999 _c15701
_d15701